[Event "Karl Mala Memorial op 13th"]
[Site "Frankfurt"]
[Date "2010.07.17"]
[Round "3"]
[White "Pfrommer, Christoph"]
[Black "Koch, Ulrich"]
[Result "1-0"]
[WhiteElo "2326"]
[BlackElo "1964"]
[PlyCount "55"]
[EventDate "2010.07.08"]
[EventType "swiss"]
[EventRounds "7"]
[EventCountry "GER"]
[SourceTitle "EXT 2012"]
[Source "ChessBase"]
[SourceDate "2011.11.24"]
[SourceVersion "1"]
[SourceVersionDate "2011.11.24"]
[SourceQuality "1"]

1. d4 d5 2. c4 c6 3. Nf3 Nf6 4. Nc3 e6 5. e3 Nbd7 6. Qc2 Be7 7. Bd3 0-0 8. 0-0 Re8 9. Bd2 Bd6 10. a3 h6 11. h3 dxc4 12. Bxc4 Nb6 13. Ba2 e5 14. dxe5 Bxe5 15. Nxe5 Rxe5 16. e4 Nh7 17. f4 Re8 18. Rae1 Be6 19. Bb1 Nf8 20. f5 Bc4 21. Rf3 f6 22. Rg3 Kh7 23. Bf4 Nbd7 24. e5 Qb6+ 25. Kh2 Bb3 26. Qd3 Nc5 27. Qf3 Rad8 28. Qh5 1-0

[Event "Karl Mala Memorial op 13th"]
[Site "Frankfurt"]
[Date "2010.07.11"]
[Round "7"]
[White "Mager, Denis"]
[Black "Koch, Ulrich"]
[Result "1/2-1/2"]
[WhiteElo "1538"]
[BlackElo "1964"]
[PlyCount "29"]
[EventDate "2010.07.08"]
[EventType "swiss"]
[EventRounds "7"]
[EventCountry "GER"]
[SourceTitle "EXT 2012"]
[Source "ChessBase"]
[SourceDate "2011.11.24"]
[SourceVersion "1"]
[SourceVersionDate "2011.11.24"]
[SourceQuality "1"]

1. Nf3 Nf6 2. d4 d5 3. c4 c6 4. Nc3 e6 5. e3 Bd6 6. Qc2 Nbd7 7. Bd3 0-0 8. 0-0 Re8 9. e4 dxe4 10. Nxe4 Nxe4 11. Bxe4 Nf8 12. Be3 Qc7 13. Rac1 c5 14. Rfd1 Rb8 15. Qd2 1/2-1/2

[Event "Karl Mala Memorial op 12th"]
[Site "Frankfurt"]
[Date "2009.07.18"]
[Round "5"]
[White "Koch, Ulrich"]
[Black "Wolff, Michael"]
[Result "1/2-1/2"]
[WhiteElo "1938"]
[BlackElo "1944"]
[PlyCount "97"]
[EventDate "2009.07.16"]
[EventType "swiss"]
[EventRounds "7"]
[EventCountry "GER"]
[SourceTitle "EXT 2010"]
[Source "ChessBase"]
[SourceDate "2010.11.25"]
[SourceVersion "1"]
[SourceVersionDate "2010.11.25"]
[SourceQuality "1"]

1. c4 Nf6 2. Nc3 g6 3. g3 Bg7 4. Nf3 c5 5. Bg2 Nc6 6. 0-0 0-0 7. d3 d6 8. Bg5 h6 9. Bd2 Kh7 10. a3 a5 11. Rb1 Be6 12. Qc2 Qd7 13. Rfe1 Bh3 14. Bh1 e5 15. Na4 Ra6 16. Nc3 Raa8 17. Nb5 Ne8 18. b4 axb4 19. axb4 b6 20. bxc5 bxc5 21. e3 Nc7 22. Nxc7 Qxc7 23. Bc3 Rfb8 24. Nd2 Ra6 25. Rb5 Rab6 26. Reb1 Bd7 27. Rxb6 Rxb6 28. Rxb6 Qxb6 29. h4 Bf6 30. Bf3 Bd8 31. Ne4 Be7 32. Kg2 f5 33. Nd2 g5 34. hxg5 hxg5 35. Kf1 Kg6 36. Bd5 Nb4 37. Bxb4 Qxb4 38. Ke2 Ba4 39. Qa2 Bd8 40. e4 Ba5 41. exf5+ Kxf5 42. Be4+ Kf6 43. g4 Bd7 44. Bf3 Ke7 45. Qc2 Be8 46. Qc1 Qxd2+ 47. Qxd2 Bxd2 48. Kxd2 Kd8 49. Bd1 1/2-1/2

[Event "Karl Mala Memorial op 12th"]
[Site "Frankfurt"]
[Date "2009.07.17"]
[Round "3"]
[White "Koch, Ulrich"]
[Black "Teske, Henrik"]
[Result "0-1"]
[WhiteElo "1938"]
[BlackElo "2536"]
[PlyCount "128"]
[EventDate "2009.07.16"]
[EventType "swiss"]
[EventRounds "7"]
[EventCountry "GER"]
[SourceTitle "EXT 2010"]
[Source "ChessBase"]
[SourceDate "2010.11.25"]
[SourceVersion "1"]
[SourceVersionDate "2010.11.25"]
[SourceQuality "1"]

1. c4 Nf6 2. Nc3 d5 3. cxd5 Nxd5 4. Nxd5 Qxd5 5. d3 Nc6 6. Nf3 Bg4 7. h3 Bxf3 8. gxf3 e6 9. Rg1 Bb4+ 10. Bd2 0-0 11. Bxb4 Nxb4 12. a3 Nc6 13. e3 Rfd8 14. f4 a5 15. Rc1 Ra6 16. d4 Rb6 17. Bg2 Qa2 18. Bxc6 bxc6 19. Rg5 Rxb2 20. Rxa5 Rxf2 21. Ra1 Qb2 22. Rb1 Qc3+ 23. Kxf2 Qxa5 24. Qc1 Qf5 25. Kg3 g5 26. fxg5 e5 27. dxe5 Qxg5+ 28. Kf3 Qf5+ 29. Kg2 Qe4+ 30. Kf2 Qxe5 31. Qg1+ Kh8 32. Qg4 Rd2+ 33. Kf1 Qf6+ 34. Qf4 Qxf4+ 35. exf4 Ra2 36. Rb3 Kg7 37. Rc3 h5 38. Kg1 h4 39. Kf1 f6 40. Rxc6 Rxa3 41. Rxc7+ Kg6 42. Kf2 Kf5 43. Rc5+ Ke4 44. Rc4+ Kf5 45. Kg2 Ra2+ 46. Kf3 Ra3+ 47. Kg2 Rg3+ 48. Kh2 Re3 49. Rc5+ Kxf4 50. Rc4+ Re4 51. Rc6 f5 52. Rf6 Ra4 53. Kg2 Ra2+ 54. Kf1 Ke4 55. Rh6 Kf3 56. Ke1 f4 57. Rxh4 Ke3 58. Kd1 f3 59. Rh8 Ra1+ 60. Kc2 f2 61. Re8+ Kf3 62. Rf8+ Kg2 63. Rg8+ Kxh3 64. Rh8+ Kg4 0-1

[Event "Karl Mala Memorial op 12th"]
[Site "Frankfurt"]
[Date "2009.07.17"]
[Round "2"]
[White "Kuhn, Juergen"]
[Black "Koch, Ulrich"]
[Result "0-1"]
[WhiteElo "2061"]
[BlackElo "1938"]
[PlyCount "86"]
[EventDate "2009.07.16"]
[EventType "swiss"]
[EventRounds "7"]
[EventCountry "GER"]
[SourceTitle "EXT 2010"]
[Source "ChessBase"]
[SourceDate "2010.11.25"]
[SourceVersion "1"]
[SourceVersionDate "2010.11.25"]
[SourceQuality "1"]

1. Nf3 d5 2. b3 Nf6 3. Bb2 e6 4. e3 Bd6 5. d4 0-0 6. Bd3 Nbd7 7. Nbd2 b6 8. Ne5 Bb7 9. 0-0 c5 10. f4 Ne4 11. Bxe4 dxe4 12. Ndc4 Nf6 13. Nxd6 Qxd6 14. dxc5 Qxc5 15. Bd4 Qe7 16. c4 Rfd8 17. Qc2 Nd7 18. Nxd7 Rxd7 19. a4 f6 20. c5 Rc8 21. b4 e5 22. fxe5 fxe5 23. c6 Rxc6 24. Qa2+ Re6 25. Bxe5 Bd5 26. Qc2 Rxe5 27. Rac1 h6 28. a5 bxa5 29. bxa5 Bf7 30. Qa4 Kh7 31. a6 Re6 32. Rf4 Bg6 33. Rcf1 Rdd6 34. Rf8 Rxa6 35. Qc4 Rac6 36. Qb5 Rf6 37. Qb8 Rxf1+ 38. Rxf1 Rf6 39. Rc1 Rf8 40. Qb5 Qf6 41. Qe2 a5 42. h3 a4 43. Qa2 Qb6 0-1

[Event "Karl Mala Memorial op 11th"]
[Site "Frankfurt"]
[Date "2008.06.26"]
[Round "1"]
[White "Wagner, Florian"]
[Black "Koch, Ulrich"]
[Result "1-0"]
[WhiteElo "2183"]
[BlackElo "1896"]
[PlyCount "79"]
[EventDate "2008.06.26"]
[EventType "swiss"]
[EventRounds "7"]
[EventCountry "GER"]
[SourceTitle "CBM 125 Extra"]
[Source "ChessBase"]
[SourceDate "2008.09.01"]
[SourceVersion "1"]
[SourceVersionDate "2008.09.01"]
[SourceQuality "1"]

1. e4 c5 2. Nf3 d6 3. d4 cxd4 4. Nxd4 Nc6 5. c4 Nf6 6. Nc3 g6 7. Nc2 Bg7 8. Be2 0-0 9. Be3 Bd7 10. 0-0 Rc8 11. f3 Ne5 12. Na3 a6 13. Qd2 Bc6 14. Rfd1 Qc7 15. Rac1 Qb8 16. Bf1 Ned7 17. Qf2 Rfe8 18. Kh1 Nf8 19. b4 Ne6 20. Nd5 Bxd5 21. cxd5 Nf8 22. b5 Rxc1 23. Rxc1 Rc8 24. Rxc8 Qxc8 25. bxa6 bxa6 26. Qc2 Qb7 27. Qb3 Qc8 28. Qc4 Qb7 29. Qxa6 Qb2 30. Nc4 Qb1 31. Kg1 N6d7 32. Nd2 Qc2 33. Qc4 Qd1 34. Nb3 Qb1 35. a4 Ne5 36. Qb5 f5 37. Nd4 Qd1 38. Qb3 Qa1 39. exf5 Ng4 40. Nc2 1-0

[Event "Frankfurt-ch"]
[Site "Frankfurt"]
[Date "2007.05.14"]
[Round "3"]
[White "Diekmann, Hans Joachim"]
[Black "Koch, Ulrich"]
[Result "1/2-1/2"]
[WhiteElo "2199"]
[BlackElo "1839"]
[PlyCount "111"]
[EventDate "2007.04.30"]
[EventType "swiss"]
[EventRounds "7"]
[EventCountry "GER"]
[SourceTitle "EXT 2008"]
[Source "ChessBase"]
[SourceDate "2007.11.25"]
[SourceVersion "1"]
[SourceVersionDate "2007.11.25"]
[SourceQuality "1"]

1. c4 c6 2. e4 d5 3. exd5 cxd5 4. cxd5 Qxd5 5. Nc3 Qd8 6. Nf3 Nf6 7. Bc4 e6 8. d4 Nc6 9. 0-0 Be7 10. Bg5 0-0 11. Re1 a6 12. a3 b5 13. Ba2 Bb7 14. Qd3 Rc8 15. Rad1 Qc7 16. Ne5 Nxe5 17. dxe5 Rfd8 18. Qg3 Rxd1 19. Rxd1 Ne4 20. Nxe4 Bxe4 21. Bxe7 Qxe7 22. Qe3 Rd8 23. Bb3 Rxd1+ 24. Bxd1 Qb7 25. Be2 Bd5 26. Bd3 Qc6 27. f3 g6 28. Kf2 a5 29. Qa7 Qc1 30. Qb8+ Kg7 31. Qxb5 Qd2+ 32. Be2 Qd4+ 33. Kf1 Qxe5 34. Qxa5 Qxb2 35. Qc5 h6 36. Kf2 Bb3 37. Qb4 Qc2 38. Qd4+ Kg8 39. Qd3 Qa2 40. Kg3 g5 41. Kh3 Qxa3 42. f4 Qb4 43. fxg5 hxg5 44. Qd8+ Qf8 45. Qxg5+ Qg7 46. Qd8+ Qf8 47. Qh4 Bd5 48. Bd3 Qg7 49. Qd8+ Qf8 50. Qxf8+ Kxf8 51. g4 Kg7 52. Kg3 f6 53. h4 e5 54. Bf5 Kh6 55. Kf2 Kg7 56. Ke3 1/2-1/2